Statistiken für Geographie Österreichs

Klicken Sie hier um das Quiz zu spielen!

Allgemein

  • Dieses Quiz wurde 476 mal gespielt
  • Das Durchschnittsergebnis liegt bei 29 aus 42

Antwortstatistiken

Antwort% Korrekt
Wien
99%
Wien
99%
Salzburg
98%
Salzburg
98%
Tirol
98%
Donau
95%
Graz
95%
Niederösterreich
95%
Oberösterreich
95%
Deutschland
93%
Kärnten
93%
Schweiz
93%
Slowenien
93%
Steiermark
93%
Burgenland
92%
Liechtenstein
92%
Tschechien
92%
Vorarlberg
92%
Inn
91%
Italien
91%
Linz
91%
Slowakei
91%
Ungarn
91%
Großglockner
90%
Innsbruck
82%
Neusiedler See
73%
Bodensee
72%
Wörthersee
58%
Drau
55%
Attersee
49%
Mur
48%
Traunsee
37%
Großvenediger
34%
Enns
32%
Wiener Becken
26%
Alpen- und Karpatenvorland
25%
Wildspitze
14%
Granit- und Gneisplateau
12%
Weißkugel
5%
Ostalpen
4%
Glocknerwand
2%
Vorland im Osten
2%

Verteilung der Resultate

Perzentil nach korrekt beantworteten Fragen

Anzahl Personen mit jedem Resultat

Ihre Resultats-Entwicklung

Sie haben dieses Quiz noch nicht gespielt